Miasta w województwie świętokrzyskim - nagła śmierć - Statystyki

Ogólne statystyki
  • Ten quiz został rozwiązany 888 razy
    877 od ostatniego zresetowania
  • Średni wynik to 10 z 20
Answers on the Grid
Answers color-coded by a green-red scale on the quiz's grid according to % correct below.
Kielce
Gniezno
Siedlce
Ożarów
Nowa Sól
Sierpc
Kazimierza Wielka
Chojna
Skarżysko-Kamienna
Żywiec
Staszów
Sanok
Opatów
Połaniec
Sandomierz
Bielsk Podlaski
Sieradz
Ćmielów
Mielec
Kazimierz Dolny
Opatowiec
Wodzisław
Łuków
Końskie
Suwałki
Mrągowo
Hrubieszów
Starachowice
Puławy
Osiek
Dębica
Pacanów
Nowy Targ
Radom
Turek
Jędrzejów
Szczyrk
Nysa
Szydłów
Świebodzin
Żory
Pińczów
Świecie
Zakopane
Wadowice
Stopnica
Jarosław
Busko-Zdrój
Radomsko
Nowy Sącz
 
Statystyki odpowiedzi
Odpowiedź % Poprawnych
Kielce
99%
Skarżysko-Kamienna
73%
Sandomierz
70%
Opatów
61%
Staszów
56%
Starachowice
55%
Jędrzejów
54%
Kazimierza Wielka
53%
Końskie
52%
Busko-Zdrój
50%
Pacanów
50%
Pińczów
50%
Ćmielów
49%
Opatowiec
43%
Ożarów
43%
Połaniec
40%
Szydłów
38%
Stopnica
32%
Osiek
30%
Wodzisław
21%
Nie znaleziono quizów pasujących do podanych kryteriów
Rozkład punktacji
Procent ludzi z każdym wynikiem
Percentyl według liczby udzielonych odpowiedzi
Twoja historia wyników
Nie rozwiązałeś tego quizu od ostatniego zresetowania